Statistics for London Tourist Attractions

Click here to take the quiz!

General Stats

  • This quiz has been taken 2,626 times
  • The average score is 13 of 20

Answer Stats

Description Attraction % Correct
Official Residence of the QueenBuckingham Palace
90%
Large bell in Elizabeth Tower, Houses of ParliamentBig Ben
89%
The Ferris WheelLondon Eye
87%
Largest department store in LondonHarrods
81%
Replica of Shakespeare's theatreThe Globe Theatre
76%
Tallest building in LondonThe Shard
75%
Wren's Anglican cathedralSt Paul's Catherdal
72%
Castle built in 1078Tower of London
70%
A bascule suspension bridgeTower Bridge
67%
Home of the England football teamWembley Stadium
67%
Home of the Serpentine lakeHyde Park
62%
Large music arena in the Millenium DomeO2 Arena
62%
Monument in the middle of Trafalgar SquareNelson's Column
61%
Art museum in former Bankside Power StationTate Modern
59%
Concert hall for the PromsRoyal Albert Hall
52%
Where the tomb of the unknown warrior isWestminster Abbey
51%
Eros statuePiccadilly Circus
47%
Old market for fruit and vegetablesCovent Garden
37%
Centre of the West EndLeicester Square
32%
Nickname of 30 St Mary AxeThe Gherkin
28%

Score Distribution

Percentile by Number Answered

Percent of People with Each Score

Your Score History

You have not taken this quiz